| 000 | 00370nam a2200145Ia 4500 | ||
|---|---|---|---|
| 008 | 240330s9999||||xx |||||||||||||| ||und|| | ||
| 020 | _a9789355323675 | ||
| 082 |
_a650 _bASW/H |
||
| 100 | _aAswathappa, K | ||
| 245 | 0 | _aHuman resource management: Text and Cases | |
| 250 | _a1st Edition | ||
| 260 |
_aChennai _bMc Graw Hill _c2023 |
||
| 300 | _aSI8p. | ||
| 942 | _cBK | ||
| 999 |
_c44212 _d44212 |
||